Pasolini: cronaca giudiziaria, persecuzione, morte /
Shranjeno v:
| Drugi avtorji: | , |
|---|---|
| Format: | Knjiga |
| Jezik: | italijanščina |
| Izdano: |
Milano :
Garzanti,
1977
|
| Serija: | Memorie e documenti
|
| Teme: | |
| Oznake: |
Brez oznak, prvi označite!
|
MARC
| LEADER | 00000nam a2200000 i 4500 | ||
|---|---|---|---|
| 001 | IT\ICCU\RAV\0192615 | ||
| 003 | ItRI | ||
| 005 | 20260214225120.0 | ||
| 008 | 920620s1977 it |||||| ||||| |||||c | ||
| 015 | |2 IT |a 78-794 | ||
| 040 | |b ita |c ct | ||
| 041 | 7 | |a ita |2 ISO-639-2 | |
| 082 | |a 850.9 |2 18 | ||
| 245 | 0 | 0 | |a Pasolini: cronaca giudiziaria, persecuzione, morte / |c a cura di Laura Betti ; comitato promotore Fernando Bandini...\et al.!. |
| 260 | |a Milano : |b Garzanti, |c 1977 | ||
| 300 | |a VII, 404 p. ; |c 23 cm | ||
| 650 | 7 | |a Pasolini, Pier Paolo | |
| 700 | 1 | |a Betti, Laura, |d (1927-2004) |0 IT\ICCU\CFIV\040028 | |
| 700 | 1 | |a Bandini, Fernando |0 IT\ICCU\CFIV\082042 | |
| 830 | 0 | |a Memorie e documenti |0 IT\ICCU\RAV\0049175 | |
| 942 | |2 ddc |c BK | ||
| 952 | |0 0 |1 0 |2 ddc |4 0 |6 B_SCR04BETLAPAS11 |7 0 |9 7785 |a MI |b MI |d 2013-02-11 |i 6541 |l 0 |o B-SCR04-BETLA-PAS11 |p CDOM6541 |r 2025-07-13 16:28:00 |w 2025-07-13 |x ACQUISTO |y BK | ||
| 952 | |0 0 |1 0 |4 0 |6 DOC_345_009000000000000_PAS |7 0 |9 24012 |a BO |b BO |d 2026-01-15 |i 4422 |l 0 |o DOC 345.009 PAS |p BO4422 |r 2026-01-15 23:23:18 |w 2026-01-15 |x [Sebina 7] [1 v.] |y BK |z 1 v. | ||
| 999 | |c 6458 |d 6458 | ||